00381cam a22001097a 4500008003600000082001800036100001900054245012300073260002100196300001400217650004000231180718b xxu||||| |||| 00| 0 eng d aX89x5441 Al51 aVirmani,Shaila aAppropriate technology for solid waste collection and disposal : A Case study of Surendranagar TowncBy Shaila Virmani aBombaybRCFUESc aiii, 65p. aSolid waste collection and disposal